[Event "Charlotte Carolinas op"]
[Site "Charlotte"]
[Date "2025.06.14"]
[Round "1"]
[White "Talwalkar, Vedant"]
[Black "Mendes, Aaron Reeve"]
[Result "1-0"]
[WhiteElo "2021"]
[BlackElo "2335"]
[PlyCount "99"]
[EventDate "2025.06.14"]
[EventType "swiss"]
[EventRounds "5"]
[EventCountry "USA"]
[SourceTitle "CB25_2025"]
[SourceDate "2025.06.18"]
[SourceVersion "1"]
[SourceVersionDate "2025.06.18"]
[SourceQuality "1"]

1. e4 c5 2. Nf3 d6 3. d4 cxd4 4. Nxd4 Nf6 5. Nc3 a6 6. Be2 e5 7. Nb3 Be6 8. f4 Qc7 9. g4 h6 10. g5 hxg5 11. fxg5 Nfd7 12. Nd5 Bxd5 13. Qxd5 Nc6 14. a3 Rc8 15. 0-0 Nb6 16. Qd3 Ne7 17. c3 Nc4 18. Nd2 d5 19. Nxc4 dxc4 20. Qg3 Ng6 21. Kh1 Qc6 22. Be3 Bc5 23. Bxc5 Qxc5 24. Rad1 Nf4 25. g6 0-0 26. Rxf4 exf4 27. Qh3 Rfd8 28. Qh7+ Kf8 29. gxf7 Rxd1+ 30. Bxd1 Rd8 31. Bh5 Ke7 32. Qxg7 Rf8 33. e5 Kd8 34. Qf6+ Kc7 35. Bf3 Rd8 36. Qxf4 Qe7 37. Qxc4+ Kb8 38. e6 Qf6 39. Qe4 Rd1+ 40. Kg2 Qg5+ 41. Qg4 Rd2+ 42. Kg3 Qh6 43. Qf4+ Qxf4+ 44. Kxf4 Rd8 45. e7 Rc8 46. e8Q Rxe8 47. fxe8Q+ Ka7 48. Qd7 Kb6 49. b4 a5 50. Qxb7# 1-0

[Event "Titled Tuesday intern op 03rd Jan Late"]
[Site "Chess.com INT"]
[Date "2025.06.03"]
[Round "2"]
[White "Khenkin, Igor"]
[Black "Mendes, Aaron Reeve"]
[Result "0-1"]
[WhiteElo "2499"]
[BlackElo "2335"]
[PlyCount "86"]
[EventDate "2025.06.03"]
[EventType "swiss (blitz)"]
[EventRounds "11"]
[EventCountry "USA"]
[SourceTitle "CB24_2025"]
[SourceDate "2025.06.11"]
[SourceVersion "1"]
[SourceVersionDate "2025.06.11"]
[SourceQuality "1"]

1. Nf3 b6 2. g3 Bb7 3. Bg2 d6 4. d4 Nd7 5. 0-0 Ngf6 6. Re1 g6 7. Nc3 Bg7 8. e4 e5 9. a4 0-0 10. a5 bxa5 11. dxe5 Nxe5 12. Nxe5 dxe5 13. Rxa5 Qe7 14. Be3 Rfd8 15. Qa1 a6 16. Bc5 Qe6 17. Be3 Bf8 18. Qa4 Bc6 19. Qa2 Qxa2 20. Rxa2 Bb4 21. f3 Kg7 22. Rea1 a5 23. Ne2 Bd2 24. Kf2 a4 25. Nc3 Bxc3 26. bxc3 Bb5 27. Bf1 Bxf1 28. Kxf1 Ra6 29. Rxa4 Rxa4 30. Rxa4 Rd1+ 31. Kf2 Rh1 32. Kg2 Re1 33. Kf2 Rh1 34. Kg2 Rb1 35. Rc4 Ne8 36. Rb4 Re1 37. Kf2 Rh1 38. Kg2 Re1 39. Kf2 Ra1 40. Rb8 Nd6 41. Rb2 Rh1 42. Kg2 Re1 43. Kf2 Rxe3 0-1

[Event "Titled Tuesday intern op 03rd Jan Late"]
[Site "Chess.com INT"]
[Date "2025.06.03"]
[Round "7"]
[White "Kleimenov, Nikolay"]
[Black "Mendes, Aaron Reeve"]
[Result "1/2-1/2"]
[WhiteElo "2198"]
[BlackElo "2335"]
[PlyCount "65"]
[EventDate "2025.06.03"]
[EventType "swiss (blitz)"]
[EventRounds "11"]
[EventCountry "USA"]
[SourceTitle "CB24_2025"]
[SourceDate "2025.06.11"]
[SourceVersion "1"]
[SourceVersionDate "2025.06.11"]
[SourceQuality "1"]

1. e4 g6 2. d4 d6 3. Nc3 Bg7 4. Be3 Nd7 5. f3 e5 6. Qd2 Ngf6 7. Nge2 h5 8. 0-0-0 0-0 9. Rg1 a6 10. g4 b5 11. g5 Nh7 12. h4 Bb7 13. Bh3 Nb6 14. b3 b4 15. Nb1 a5 16. dxe5 Bxe5 17. Bd4 Qe7 18. Bxe5 dxe5 19. Qe3 a4 20. Kb2 axb3 21. cxb3 Ra5 22. Nc1 Rfa8 23. Rg2 c5 24. Nd2 Bd5 25. Qd3 Qa7 26. exd5 Rxa2+ 27. Nxa2 Qa3+ 28. Kb1 Qxa2+ 29. Kc1 Qa3+ 30. Kc2 Qa2+ 31. Kc1 Qa3+ 32. Kc2 Qa2+ 33. Kc1 1/2-1/2

[Event "Titled Tuesday intern op 03rd Jan Late"]
[Site "Chess.com INT"]
[Date "2025.06.03"]
[Round "9"]
[White "Mendes, Aaron Reeve"]
[Black "Baltabaev, Temirlan"]
[Result "1/2-1/2"]
[WhiteElo "2335"]
[BlackElo "2295"]
[PlyCount "153"]
[EventDate "2025.06.03"]
[EventType "swiss (blitz)"]
[EventRounds "11"]
[EventCountry "USA"]
[SourceTitle "CB24_2025"]
[SourceDate "2025.06.11"]
[SourceVersion "1"]
[SourceVersionDate "2025.06.11"]
[SourceQuality "1"]

1. e4 e5 2. Nf3 Nc6 3. d4 exd4 4. Nxd4 Nf6 5. Nxc6 bxc6 6. Nd2 d5 7. exd5 cxd5 8. Bb5+ Bd7 9. Bxd7+ Qxd7 10. 0-0 Be7 11. b3 0-0 12. Bb2 c5 13. Qf3 Rad8 14. h3 Rfe8 15. Rfe1 d4 16. c3 Bf8 17. Nc4 Qd5 18. Rxe8 Nxe8 19. Qxd5 Rxd5 20. Rd1 d3 21. Bc1 g6 22. Nb2 Bg7 23. Rxd3 Rxd3 24. Nxd3 c4 25. bxc4 Bxc3 26. Be3 a6 27. Bb6 Kf8 28. Nc5 a5 29. Ne4 Bb4 30. Bc5+ Bxc5 31. Nxc5 Nd6 32. Nd7+ Ke7 33. Nb6 Ne4 34. f3 Nc3 35. Kf2 Kd6 36. Ke3 Kc5 37. Nd7+ Kxc4 38. Ne5+ Kb4 39. Nxf7 Nxa2 40. Kd2 Kb3 41. Nd6 a4 42. Ne4 a3 43. Nc5+ Kb2 44. Nd3+ Kb3 45. Nc5+ Kc4 46. Ne4 Nb4 47. Kc1 Kb3 48. Nd2+ Ka4 49. Kb1 Nd5 50. Ne4 Nf4 51. Nf6 h5 52. g3 Nxh3 53. Ne4 Ng1 54. Ka2 Nxf3 55. Nc3+ Kb4 56. Nd5+ Kc4 57. Nf4 Ne5 58. Kxa3 Kd4 59. Kb3 Ke3 60. Kc3 Kf3 61. Kd4 Nc6+ 62. Kd5 Ne7+ 63. Ke6 Kxg3 64. Ne2+ Kf2 65. Nf4 h4 66. Kxe7 Kg3 67. Ne2+ Kf3 68. Ng1+ Kg2 69. Ne2 g5 70. Kf6 g4 71. Kg5 Kf3 72. Ng1+ Kg3 73. Ne2+ Kh3 74. Nf4+ Kg3 75. Nh5+ Kf3 76. Kxh4 g3 77. Nxg3 1/2-1/2

[Event "Titled Tuesday intern op 03rd Jan Late"]
[Site "Chess.com INT"]
[Date "2025.06.03"]
[Round "5"]
[White "Mendes, Aaron Reeve"]
[Black "Lymar, Vladislav"]
[Result "1-0"]
[WhiteElo "2335"]
[BlackElo "2216"]
[PlyCount "171"]
[EventDate "2025.06.03"]
[EventType "swiss (blitz)"]
[EventRounds "11"]
[EventCountry "USA"]
[SourceTitle "CB24_2025"]
[SourceDate "2025.06.11"]
[SourceVersion "1"]
[SourceVersionDate "2025.06.11"]
[SourceQuality "1"]

1. e3 d5 2. d4 Nf6 3. c4 e6 4. Nc3 c5 5. cxd5 exd5 6. Nf3 Nc6 7. Bb5 cxd4 8. Nxd4 Bd7 9. 0-0 Bd6 10. g3 0-0 11. b3 Rc8 12. Bb2 Bh3 13. Re1 Ne5 14. Bf1 Bg4 15. Be2 Bb4 16. Rc1 Qd7 17. a3 Bxe2 18. Qxe2 Be7 19. Red1 Qh3 20. Qf1 Qh5 21. Kg2 a6 22. Nce2 Rfd8 23. Nf4 Qg4 24. Qe2 Qxe2 25. Nfxe2 Rxc1 26. Nxc1 Nc6 27. Nce2 Ne4 28. Rc1 Rc8 29. Nf5 Bf8 30. Rc2 Nd6 31. Nxd6 Bxd6 32. Rd2 Ne7 33. e4 Rd8 34. exd5 f6 35. Nc3 Be5 36. Re2 Nxd5 37. Nxd5 Bxb2 38. Ne7+ Kf7 39. Nf5 Be5 40. f4 Bd6 41. b4 Bf8 42. Rc2 Rd7 43. Rc8 g6 44. Ne3 Rd3 45. Rc7+ Ke6 46. Ng4 h5 47. Nf2 Rd7 48. Rc3 Kd6 49. Ne4+ Ke6 50. Kf3 Be7 51. h3 Kf7 52. g4 hxg4+ 53. hxg4 b5 54. f5 gxf5 55. gxf5 Rd5 56. Kg4 Rd4 57. Kf4 a5 58. bxa5 Ra4 59. Rc7 Ke8 60. Ra7 Rxa3 61. a6 b4 62. Ra8+ Kd7 63. Nd2 b3 64. Ke4 Ra4+ 65. Kd3 b2 66. Kc2 Ra2 67. Kb1 Ra5 68. Kxb2 Rxf5 69. Nc4 Rc5 70. Kb3 Rb5+ 71. Kc3 Rb4 72. a7 Rb7 73. Rd8+ Bxd8 74. a8Q Rc7 75. Qd5+ Ke8 76. Qe6+ Be7 77. Kd3 Rd7+ 78. Ke4 Rd8 79. Nb6 Rd6 80. Qg8+ Bf8 81. Nd5 Rc6 82. Kf5 Rd6 83. Nxf6+ Ke7 84. Qh7+ Kd8 85. Qf7 Be7 86. Qe8+ 1-0

[Event "Titled Tuesday intern op 03rd Jan Late"]
[Site "Chess.com INT"]
[Date "2025.06.03"]
[Round "3"]
[White "Mendes, Aaron Reeve"]
[Black "Matta, Vinay Kumar"]
[Result "1-0"]
[WhiteElo "2335"]
[BlackElo "2120"]
[PlyCount "111"]
[EventDate "2025.06.03"]
[EventType "swiss (blitz)"]
[EventRounds "11"]
[EventCountry "USA"]
[SourceTitle "CB24_2025"]
[SourceDate "2025.06.11"]
[SourceVersion "1"]
[SourceVersionDate "2025.06.11"]
[SourceQuality "1"]

1. c3 e5 2. d4 exd4 3. cxd4 d5 4. Nc3 Nf6 5. Nf3 Be7 6. Bf4 0-0 7. h3 Bb4 8. e3 c5 9. dxc5 Ne4 10. Qd4 Nc6 11. Qd3 Nxc5 12. Qc2 Qa5 13. a3 Bf5 14. Qd1 Bxc3+ 15. bxc3 Qxc3+ 16. Nd2 Nb3 17. g4 Bc2 18. Rc1 Nxc1 19. Qxc1 d4 20. Bc4 dxe3 21. fxe3 Rad8 22. Rh2 Rfe8 23. Re2 Ne5 24. Bb5 Rxd2 25. Rxd2 Nf3+ 26. Kf2 Nxd2 27. Bxe8 Ne4+ 28. Kg2 Nd6 29. Kg3 Nxe8 30. Qh1 Nf6 31. Qxb7 Ne4+ 32. Kh4 Qf6+ 33. g5 Qd8 34. Qc6 h6 35. Qxc2 hxg5+ 36. Kg4 gxf4 37. Qxe4 fxe3 38. Qxe3 Qd7+ 39. Kg3 g6 40. h4 Kg7 41. h5 Qe6 42. Qxa7 Qb3+ 43. Kh4 Qc4+ 44. Kg5 Qd5+ 45. Kf4 Qxh5 46. Qd4+ Kg8 47. Qd8+ Kh7 48. Qf6 Qf5+ 49. Qxf5 gxf5 50. a4 Kg8 51. a5 Kf8 52. a6 Ke7 53. a7 Ke6 54. a8Q Kf6 55. Qc6+ Kg7 56. Kxf5 1-0

[Event "Titled Tuesday intern op 03rd Jan Late"]
[Site "Chess.com INT"]
[Date "2025.06.03"]
[Round "6"]
[White "Mendes, Aaron Reeve"]
[Black "Nakamura, Hikaru"]
[Result "0-1"]
[WhiteElo "2335"]
[BlackElo "2804"]
[PlyCount "86"]
[EventDate "2025.06.03"]
[EventType "swiss (blitz)"]
[EventRounds "11"]
[EventCountry "USA"]
[SourceTitle "CB24_2025"]
[SourceDate "2025.06.11"]
[SourceVersion "1"]
[SourceVersionDate "2025.06.11"]
[SourceQuality "1"]

1. Nf3 g6 2. d4 Nf6 3. c4 Bg7 4. Nc3 d6 5. e4 0-0 6. Be2 a5 7. 0-0 Na6 8. h3 e5 9. Be3 Re8 10. dxe5 dxe5 11. Qxd8 Rxd8 12. Nxe5 Re8 13. f4 Nd7 14. Nxd7 Bxd7 15. e5 f6 16. Bf3 c6 17. exf6 Bxf6 18. Bb6 Be6 19. Ne4 Bxb2 20. Rab1 Bf5 21. Rxb2 Bxe4 22. Bxa5 Nc5 23. Bd2 Bxf3 24. Rxf3 Re2 25. Re3 Re8 26. Rxe8+ Rxe8 27. Kf1 Re4 28. Rc2 Nd3 29. g3 c5 30. Rc3 Nb2 31. Be3 Nd1 32. Rb3 Nxe3+ 33. Ke2 Nxc4+ 34. Kd3 Rd4+ 35. Kc3 Nd6 36. Rb6 Ne4+ 37. Kc2 c4 38. g4 Rd2+ 39. Kc1 c3 40. Rxb7 Nc5 41. Rc7 Nd3+ 42. Kb1 c2+ 43. Ka1 Rd1# 0-1

[Event "Titled Tuesday intern op 01st Apr Late"]
[Site "Chess.com INT"]
[Date "2025.04.01"]
[Round "11"]
[White "Mendes, Aaron Reeve"]
[Black "Dorrance, Adam"]
[Result "1/2-1/2"]
[WhiteElo "2335"]
[BlackElo "2301"]
[PlyCount "177"]
[EventDate "2025.04.01"]
[EventType "swiss (blitz)"]
[EventRounds "11"]
[EventCountry "USA"]
[SourceTitle "CB21_2025"]
[SourceDate "2025.05.21"]
[SourceVersion "1"]
[SourceVersionDate "2025.05.21"]
[SourceQuality "1"]

1. e4 e6 2. Nf3 d5 3. Nc3 Nf6 4. e5 Nfd7 5. d4 c5 6. Ne2 Nc6 7. c3 Be7 8. a3 g5 9. g4 cxd4 10. cxd4 h5 11. Rg1 h4 12. Be3 Rg8 13. Qd2 Nb6 14. Rc1 Nc4 15. Rxc4 dxc4 16. Nc3 Na5 17. d5 Nb3 18. Qd1 exd5 19. Qxd5 Be6 20. Qb5+ Qd7 21. Bxc4 Qxb5 22. Bxb5+ Kf8 23. Ne4 a6 24. Ba4 Bd5 25. Nfxg5 Bxg5 26. Nxg5 Re8 27. Nh7+ Kg7 28. Nf6 Rxe5 29. Nxd5 Nd4 30. Nc3 Nf3+ 31. Kf1 Nxg1 32. Kxg1 Rd8 33. Bc2 Rxe3 34. fxe3 Rd2 35. Be4 Rxb2 36. a4 b5 37. axb5 axb5 38. Bd5 b4 39. Na4 Re2 40. e4 h3 41. Nc5 Rg2+ 42. Kh1 Rc2 43. Nb3 Rg2 44. Nd4 Kf8 45. Nf3 Rxg4 46. Ng1 Rg5 47. Bb3 Rh5 48. Nf3 Ke7 49. Kg1 Rc5 50. Kf2 Rc3 51. Nd4 Kf8 52. Ke2 Kg7 53. Bd5 Rc7 54. Nf5+ Kf6 55. Kd2 Ke5 56. Ne3 f6 57. Ng4+ Kd4 58. Nxf6 Rc3 59. Ng4 Ra3 60. Nh6 b3 61. Nf5+ Ke5 62. Ne3 Ra2+ 63. Kc3 Rxh2 64. Bxb3 Kf4 65. Nd5+ Kg3 66. Nf6 Rf2 67. e5 Rf3+ 68. Kc2 h2 69. Ne4+ Kg2 70. Bd5 h1Q 71. Nd2 Qh2 72. Bxf3+ Kg3 73. e6 Qh7+ 74. Be4 Qe7 75. Bd5 Kf4 76. Bc4 Ke5 77. Nf3+ Ke4 78. Nd2+ Kd4 79. Kb3 Qb7+ 80. Kc2 Qh7+ 81. Kb2 Qh3 82. Kc2 Qc3+ 83. Kd1 Ke3 84. Nf1+ Kf2 85. Nd2 Ke3 86. Nf1+ Kd4 87. Nd2 Qe3 88. Kc2 Qc3+ 89. Kd1 1/2-1/2

[Event "Titled Tuesday intern op 01st Apr Late"]
[Site "Chess.com INT"]
[Date "2025.04.01"]
[Round "10"]
[White "Mendes, Aaron Reeve"]
[Black "Kucza, Karol"]
[Result "0-1"]
[WhiteElo "2335"]
[BlackElo "2316"]
[PlyCount "146"]
[EventDate "2025.04.01"]
[EventType "swiss (blitz)"]
[EventRounds "11"]
[EventCountry "USA"]
[SourceTitle "CB21_2025"]
[SourceDate "2025.05.21"]
[SourceVersion "1"]
[SourceVersionDate "2025.05.21"]
[SourceQuality "1"]

1. e4 e5 2. Nf3 Nc6 3. d4 exd4 4. Nxd4 Nf6 5. Nxc6 bxc6 6. Nd2 Bc5 7. Be2 0-0 8. e5 Nd5 9. Nb3 Qe7 10. Nxc5 Qxc5 11. c4 Nb6 12. Bf4 Nxc4 13. Qc2 Qb4+ 14. Qc3 Qxc3+ 15. bxc3 Nb6 16. 0-0 a5 17. Rfd1 Ba6 18. Bf3 Bc4 19. Be3 Nd5 20. Bxd5 cxd5 21. a3 Rfb8 22. Rdb1 Kf8 23. Bc5+ Ke8 24. f4 Bd3 25. Rxb8+ Rxb8 26. Rd1 Be4 27. Rd2 f6 28. Bd4 Kf7 29. Kf2 fxe5 30. fxe5 Ke6 31. Kg3 Rb5 32. a4 Rb1 33. Rf2 Ra1 34. Rf8 Rxa4 35. Re8+ Kf7 36. Rc8 c6 37. e6+ Kxe6 38. Bxg7 Ra2 39. Bd4 Rxg2+ 40. Kh3 Ra2 41. Re8+ Kd6 42. Kg3 a4 43. c4 a3 44. c5+ Kc7 45. Be5+ Kb7 46. Rb8+ Ka6 47. Rb6+ Ka5 48. Bc3+ Ka4 49. Rb4+ Ka5 50. Rb2+ Ka4 51. Rxa2 Kb3 52. Ra1 Kxc3 53. Rxa3+ Kb4 54. Ra7 Kxc5 55. Rxd7 Kd4 56. Kf2 c5 57. Ke2 c4 58. Kd2 c3+ 59. Kc1 Kc4 60. Rc7+ Kd3 61. h4 d4 62. Rd7 Bf5 63. Rf7 Bg6 64. Rd7 Kc4 65. Rc7+ Kb3 66. Rb7+ Kc4 67. Rc7+ Kd5 68. Rd7+ Ke4 69. Re7+ Kf4 70. Rd7 d3 71. Rd4+ Ke3 72. Rd7 d2+ 73. Kd1 c2# 0-1

[Event "Titled Tuesday intern op 11th Mar Late"]
[Site "Chess.com INT"]
[Date "2025.03.11"]
[Round "5"]
[White "Drozdowski, Kacper"]
[Black "Mendes, Aaron Reeve"]
[Result "1-0"]
[WhiteElo "2450"]
[BlackElo "2334"]
[PlyCount "143"]
[EventDate "2025.03.11"]
[EventType "swiss (blitz)"]
[EventRounds "11"]
[EventCountry "USA"]
[SourceTitle "CB12_2025"]
[SourceDate "2025.03.19"]
[SourceVersion "1"]
[SourceVersionDate "2025.03.19"]
[SourceQuality "1"]

1. e4 c5 2. Nf3 d6 3. d4 cxd4 4. Nxd4 Nf6 5. f3 e5 6. Nb3 d5 7. Bg5 Be6 8. Bxf6 gxf6 9. exd5 Bxd5 10. Nc3 Bb4 11. Qd3 Nc6 12. 0-0-0 Bxb3 13. axb3 Qa5 14. Kb1 Rd8 15. Nd5 Be7 16. c3 Kf8 17. g4 Kg7 18. Qe4 Rd7 19. Be2 Rhd8 20. Bd3 Rh8 21. Bc2 b5 22. b4 Qd8 23. Ne3 Qc7 24. Rxd7 Qxd7 25. Rd1 Qe6 26. Nf5+ Kf8 27. Rd5 a6 28. Bb3 h5 29. Rd8+ Nxd8 30. Bxe6 fxe6 31. Nxe7 Kxe7 32. g5 fxg5 33. Qxe5 Nf7 34. Qd4 Rd8 35. Qa7+ Kf6 36. Qxa6 Rd2 37. Qxb5 Ne5 38. Qe8 Nd3 39. Qxh5 Rxb2+ 40. Ka1 Rd2 41. b5 Rd1+ 42. Ka2 Rd2+ 43. Kb3 Rb2+ 44. Ka4 Ra2+ 45. Kb3 Rb2+ 46. Ka3 Rd2 47. b6 Ne5 48. Qh8+ Kf5 49. Qf8+ Kg6 50. b7 Nc4+ 51. Kb4 Rb2+ 52. Kxc4 Rxb7 53. Qe8+ Kf5 54. Qc6 Rb2 55. Qe4+ Kf6 56. h4 gxh4 57. Qxh4+ Ke5 58. Qe4+ Kd6 59. Kd3 Rb5 60. c4 Rf5 61. f4 Rh5 62. Kc3 Kc5 63. Qe3+ Kd6 64. Kb4 Rf5 65. Qd4+ Kc6 66. Qe4+ Kd6 67. Qd3+ Kc6 68. Qd4 Rh5 69. Qf6 Kd6 70. Qd8+ Kc6 71. Qe8+ Kd6 72. Qxh5 1-0

[Event "Titled Tuesday intern op 11th Mar Early"]
[Site "Chess.com INT"]
[Date "2025.03.11"]
[Round "7"]
[White "Gaal, Zsoka"]
[Black "Mendes, Aaron Reeve"]
[Result "0-1"]
[WhiteElo "2404"]
[BlackElo "2334"]
[PlyCount "48"]
[EventDate "2025.03.11"]
[EventType "swiss (blitz)"]
[EventRounds "11"]
[EventCountry "USA"]
[SourceTitle "CB12_2025"]
[SourceDate "2025.03.19"]
[SourceVersion "1"]
[SourceVersionDate "2025.03.19"]
[SourceQuality "1"]

1. d4 Nf6 2. Nf3 g6 3. Bf4 Bg7 4. c3 0-0 5. Nbd2 d6 6. e3 Nbd7 7. h3 b6 8. Be2 Bb7 9. 0-0 Re8 10. Bh2 a6 11. a4 c5 12. a5 b5 13. c4 cxd4 14. Nxd4 b4 15. Bf3 Qc7 16. Qa4 Reb8 17. Bxb7 Rxb7 18. Qc6 Rc8 19. Qf3 Nc5 20. g4 Nfd7 21. Bg3 Ne5 22. Qe2 Nc6 23. N2f3 Nxa5 24. Ra4 Nxa4 0-1

[Event "Titled Tuesday intern op 11th Mar Late"]
[Site "Chess.com INT"]
[Date "2025.03.11"]
[Round "6"]
[White "Mendes, Aaron Reeve"]
[Black "Serban, Cristian Stefan"]
[Result "0-1"]
[WhiteElo "2334"]
[BlackElo "2332"]
[PlyCount "80"]
[EventDate "2025.03.11"]
[EventType "swiss (blitz)"]
[EventRounds "11"]
[EventCountry "USA"]
[SourceTitle "CB12_2025"]
[SourceDate "2025.03.19"]
[SourceVersion "1"]
[SourceVersionDate "2025.03.19"]
[SourceQuality "1"]

1. e4 c6 2. Nf3 d5 3. Nc3 Bg4 4. h3 Bxf3 5. Qxf3 e6 6. d4 dxe4 7. Nxe4 Qxd4 8. Bd3 Nf6 9. c3 Qd8 10. Bg5 Be7 11. Bxf6 Bxf6 12. 0-0-0 Nd7 13. Nd6+ Kf8 14. Nxb7 Qc7 15. Be4 Ne5 16. Qe2 Qxb7 17. f4 Nd7 18. g4 Nb6 19. g5 Be7 20. f5 Bxg5+ 21. Kc2 exf5 22. Bf3 Re8 23. Qg2 Nc4 24. Kb1 Ne5 25. Rhe1 Bf6 26. Rd6 Nxf3 27. Rxe8+ Kxe8 28. Qxf3 Ke7 29. Rxc6 Rb8 30. b3 Kf8 31. Qd5 Re8 32. Kb2 f4 33. Qd6+ Qe7 34. Qxf4 h6 35. Rc7 Qe2+ 36. Ka3 Qa6+ 37. Kb2 Re2+ 38. Kc1 Bg5 39. Rc8+ Ke7 40. Rc7+ Kd8 0-1

[Event "Titled Tuesday intern op 11th Mar Late"]
[Site "Chess.com INT"]
[Date "2025.03.11"]
[Round "7"]
[White "Mendes, Aaron Reeve"]
[Black "Sharankov, Grigory"]
[Result "1/2-1/2"]
[WhiteElo "2334"]
[BlackElo "2238"]
[PlyCount "121"]
[EventDate "2025.03.11"]
[EventType "swiss (blitz)"]
[EventRounds "11"]
[EventCountry "USA"]
[SourceTitle "CB12_2025"]
[SourceDate "2025.03.19"]
[SourceVersion "1"]
[SourceVersionDate "2025.03.19"]
[SourceQuality "1"]

1. e4 e6 2. Nf3 d5 3. Nc3 d4 4. Ne2 c5 5. c3 Nf6 6. e5 Nfd7 7. cxd4 cxd4 8. Nexd4 Nxe5 9. Bb5+ Nec6 10. 0-0 Bd7 11. Nxc6 Nxc6 12. d4 Nb4 13. Qa4 a6 14. Bxd7+ Qxd7 15. Qb3 Bd6 16. Bf4 Bxf4 17. Qxb4 Bd6 18. Qb6 0-0 19. Rac1 Rac8 20. Ne5 Qe7 21. g3 h5 22. h4 Rfd8 23. Nc4 Rc6 24. Qb3 Bb8 25. Ne3 Rxc1 26. Rxc1 Ba7 27. d5 Bxe3 28. Qxe3 Rxd5 29. Qb6 Rb5 30. Qd4 Qf6 31. Rc8+ Kh7 32. Qd3+ Qf5 33. Qd2 Rd5 34. Qe2 Re5 35. Qd2 Rd5 36. Qe1 Qf3 37. Rc1 b5 38. Kh2 g5 39. Rc3 Qf6 40. Qe4+ Kg7 41. Rf3 Qg6 42. Qe3 Rf5 43. Qc3+ Kh7 44. hxg5 Qxg5 45. Qd3 Kg6 46. Rf4 Kf6 47. Qd4+ Kg6 48. Qd3 Kg7 49. Qd4+ Qf6 50. Qd2 Rxf4 51. gxf4 Qf5 52. Qe3 Kg6 53. Qg3+ Qg4 54. Qd3+ f5 55. Qe3 Kf7 56. Qe5 Qh4+ 57. Kg2 Qg4+ 58. Kh2 Qh4+ 59. Kg2 Qe7 60. Qh8 Qh4 61. Qe5 1/2-1/2

[Event "Titled Tuesday intern op 11th Mar Early"]
[Site "Chess.com INT"]
[Date "2025.03.11"]
[Round "10"]
[White "Teterev, Vitaly"]
[Black "Mendes, Aaron Reeve"]
[Result "0-1"]
[WhiteElo "2266"]
[BlackElo "2334"]
[PlyCount "98"]
[EventDate "2025.03.11"]
[EventType "swiss (blitz)"]
[EventRounds "11"]
[EventCountry "USA"]
[SourceTitle "CB12_2025"]
[SourceDate "2025.03.19"]
[SourceVersion "1"]
[SourceVersionDate "2025.03.19"]
[SourceQuality "1"]

1. e4 c5 2. Nf3 d6 3. Bc4 Nf6 4. Qe2 Nc6 5. 0-0 g6 6. h3 Bg7 7. c3 0-0 8. Bb3 e5 9. d3 Be6 10. Bg5 h6 11. Bxf6 Bxf6 12. Nbd2 b5 13. a4 a6 14. Ra2 Bxb3 15. Nxb3 Rb8 16. axb5 axb5 17. Ra6 Qd7 18. Rfa1 Rfc8 19. Na5 Ra8 20. Nxc6 Rxa6 21. Rxa6 Rxc6 22. Ra8+ Kg7 23. Qd1 d5 24. Qb3 dxe4 25. dxe4 Rd6 26. Rb8 Rd1+ 27. Kh2 Qd3 28. Qxb5 Qxe4 29. Qe8 Bd8 30. Rxd8 Qf4+ 31. g3 Rxd8 32. Qxd8 Qxf3 33. Qd2 h5 34. h4 c4 35. Qe1 e4 36. Kg1 Qd3 37. Qc1 Kh7 38. Kg2 Qe2 39. Qf4 Kg8 40. Qb8+ Kg7 41. Qe5+ Kh7 42. Qf4 Kg7 43. Qe5+ Kf8 44. Qb8+ Ke7 45. Qc7+ Ke6 46. Qc6+ Ke7 47. Qc7+ Kf8 48. Qb8+ Ke7 49. Qe5+ Kd8 0-1

[Event "Titled Tuesday intern op 11th Mar Early"]
[Site "Chess.com INT"]
[Date "2025.03.11"]
[Round "9"]
[White "Vasilenok, Anton"]
[Black "Mendes, Aaron Reeve"]
[Result "0-1"]
[WhiteElo "2137"]
[BlackElo "2334"]
[PlyCount "56"]
[EventDate "2025.03.11"]
[EventType "swiss (blitz)"]
[EventRounds "11"]
[EventCountry "USA"]
[SourceTitle "CB12_2025"]
[SourceDate "2025.03.19"]
[SourceVersion "1"]
[SourceVersionDate "2025.03.19"]
[SourceQuality "1"]

1. e4 c5 2. Nf3 d6 3. d4 cxd4 4. Nxd4 Nf6 5. Nc3 a6 6. Bg5 e6 7. Qe2 Be7 8. h4 h6 9. Bd2 Qc7 10. 0-0-0 Nbd7 11. g4 b5 12. Bg2 Bb7 13. a3 Nb6 14. g5 Nfd7 15. g6 Bf6 16. gxf7+ Kxf7 17. Nxe6 Kxe6 18. Qh5 Rhc8 19. Kb1 Na4 20. Qg6 Ke7 21. Nd5+ Bxd5 22. exd5 Nxb2 23. Rde1+ Kf8 24. Bxh6 Nc4 25. Rh3 Qa5 26. Bc1 Qxe1 27. h5 Nd2+ 28. Ka2 Qxc1 0-1

[Event "Titled Tuesday intern op 04th Feb Late"]
[Site "Chess.com INT"]
[Date "2025.02.04"]
[Round "2"]
[White "Girsh, Daniel"]
[Black "Mendes, Aaron Reeve"]
[Result "1-0"]
[WhiteElo "2166"]
[BlackElo "2335"]
[PlyCount "95"]
[EventDate "2025.02.04"]
[EventType "swiss (blitz)"]
[EventRounds "11"]
[EventCountry "USA"]
[SourceTitle "CB07_2025"]
[SourceDate "2025.02.12"]
[SourceVersion "1"]
[SourceVersionDate "2025.02.12"]
[SourceQuality "1"]

1. c4 c6 2. d4 d5 3. cxd5 cxd5 4. Nc3 Nc6 5. Bf4 a6 6. e3 Nf6 7. Rc1 Bf5 8. Be2 e6 9. Nf3 Bd6 10. Bg3 0-0 11. 0-0 h6 12. Na4 Ne4 13. Bxd6 Qxd6 14. Nc5 Nxc5 15. Rxc5 b6 16. Rc3 Rfc8 17. Qd2 Ne7 18. Rfc1 Rxc3 19. Rxc3 a5 20. Ne5 f6 21. Nd3 g5 22. Qc1 Ra7 23. h3 Kg7 24. a3 Bg6 25. Bf1 Be8 26. Qc2 Bb5 27. Nc1 Bxf1 28. Kxf1 Qh2 29. Ne2 h5 30. Ng3 h4 31. Nh5+ Kh6 32. Nxf6 Qh1+ 33. Ke2 Nf5 34. Ng4+ Kg6 35. Rc6 Re7 36. Rc7 Rxc7 37. Qxc7 Qxg2 38. Ne5+ Kh6 39. Qf7 Ng3+ 40. Kd2 Ne4+ 41. Ke2 Ng3+ 42. Kd1 Qh1+ 43. Kc2 Qe4+ 44. Kb3 Qf5 45. fxg3 hxg3 46. Ng4+ Qxg4 47. hxg4 g2 48. Qf2 1-0

[Event "Titled Tuesday intern op 04th Feb Late"]
[Site "Chess.com INT"]
[Date "2025.02.04"]
[Round "7"]
[White "Ilinca Ilinca, Felix Antonio"]
[Black "Mendes, Aaron Reeve"]
[Result "0-1"]
[WhiteElo "2412"]
[BlackElo "2335"]
[PlyCount "128"]
[EventDate "2025.02.04"]
[EventType "swiss (blitz)"]
[EventRounds "11"]
[EventCountry "USA"]
[SourceTitle "CB07_2025"]
[SourceDate "2025.02.12"]
[SourceVersion "1"]
[SourceVersionDate "2025.02.12"]
[SourceQuality "1"]

1. d4 d5 2. Nc3 Nf6 3. Bf4 a6 4. e3 Bf5 5. Bd3 Bxd3 6. cxd3 e6 7. Qb3 b5 8. Nf3 Bd6 9. Bxd6 Qxd6 10. e4 Qd8 11. 0-0 0-0 12. a4 bxa4 13. Qxa4 Nbd7 14. Qc6 Nb6 15. Rfc1 Qd6 16. Na4 Qxc6 17. Rxc6 Nxa4 18. Rxa4 dxe4 19. dxe4 Nxe4 20. Rxc7 Rfc8 21. Rxa6 Rcb8 22. Rxa8 Rxa8 23. g3 f6 24. Re7 Ra6 25. Kg2 Rb6 26. Ne1 Kf8 27. Rd7 Rxb2 28. Nd3 Rd2 29. Nf4 Rxf2+ 30. Kg1 e5 31. dxe5 fxe5 32. Ne6+ Ke8 33. Rxg7 Rc2 34. Rxh7 Nf6 35. Ra7 Ng4 36. h3 Ne3 37. g4 Rg2+ 38. Kh1 Rg3 39. Ng5 Nc4 40. Ra4 Nd2 41. Kh2 Nf1+ 42. Kh1 Nd2 43. Ra5 Nc4 44. Rc5 Ne3 45. Rxe5+ Kf8 46. Kh2 Nf1+ 47. Kh1 Kg7 48. Re1 Kg6 49. Rxf1 Kxg5 50. Kh2 Kh4 51. Rf8 Rxh3+ 52. Kg2 Rg3+ 53. Kh2 Rh3+ 54. Kg2 Rg3+ 55. Kf2 Rxg4 56. Kf3 Rg5 57. Rh8+ Rh5 58. Rg8 Rb5 59. Rg4+ Kh5 60. Rc4 Rb3+ 61. Kf4 Rb5 62. Rc8 Kg6 63. Rc6+ Kf7 64. Rg6 Kxg6 0-1

[Event "Titled Tuesday intern op 21st Jan Late"]
[Site "Chess.com INT"]
[Date "2025.01.21"]
[Round "10"]
[White "Mendes, Aaron Reeve"]
[Black "Novak, Ratko"]
[Result "1-0"]
[WhiteElo "2358"]
[BlackElo "2038"]
[PlyCount "33"]
[EventDate "2025.01.21"]
[EventType "swiss (blitz)"]
[EventRounds "11"]
[EventCountry "USA"]
[SourceTitle "CB05_2025"]
[SourceDate "2025.01.29"]
[SourceVersion "1"]
[SourceVersionDate "2025.01.29"]
[SourceQuality "1"]

1. Nf3 d5 2. b3 c5 3. Bb2 Nc6 4. e3 f6 5. Bb5 e5 6. d4 cxd4 7. exd4 Qa5+ 8. Nc3 Bb4 9. Qd2 e4 10. a3 Qxb5 11. Nxb5 Bxd2+ 12. Nxd2 Kd7 13. c4 dxc4 14. Nxc4 Nge7 15. d5 Ne5 16. Bxe5 fxe5 17. Nxe5+ 1-0